[Event "The Classical Kings Indian"]
[Site "SchemingMind.com"]
[Date "2007.06.24"]
[Round "-"]
[White "Danzino"]
[Black "Wolli"]
[Result "1-0"]
[WhiteCountry "GBR"]
[BlackCountry "GER"]
[WhiteElo "1995"]
[WhiteRD "85"]
[BlackElo "1831"]
[BlackRD "71"]
[GameID "110344"]

1. d4 Nf6 2. c4 g6 3. Nc3 Bg7 4. e4 d6 5. Nf3 O-O 6. Be2 e5 7. d5 Nbd7 8. Bg5 h6 9. Bh4 Nc5 10. Nd2 a5
11. O-O Bd7 12. Qc2 g5 13. Bg3 b6 14. f3 Nh5 15. Bf2 Nf4 16. a3 Qc8 17. b4 axb4 18. axb4 Nb7 19. Nb3 Rxa1 20. Rxa1 f5
21. c5 bxc5 22. bxc5 Nxe2+ 23. Qxe2 dxc5 24. Nxc5 Nxc5 25. Bxc5 Re8 26. Qc4 Kh7 27. Nb5 Bf8 28. Ra7 Bxc5+ 29. Qxc5 Bxb5 30. Rxc7+
1-0

[Event "The Classical Kings Indian"]
[Site "SchemingMind.com"]
[Date "2007.06.24"]
[Round "-"]
[White "Wolli"]
[Black "Danzino"]
[Result "0-1"]
[WhiteCountry "GER"]
[BlackCountry "GBR"]
[WhiteElo "1831"]
[WhiteRD "71"]
[BlackElo "1995"]
[BlackRD "85"]
[GameID "110345"]

1. d4 Nf6 2. c4 g6 3. Nc3 Bg7 4. e4 d6 5. f3 O-O 6. Be3 c5 7. Nge2 Nc6 8. d5 Ne5 9. Ng3 e6 10. Be2 exd5
11. cxd5 h5 12. h4 Bd7 13. Qb3 Rb8 14. Bg5 b5 15. a3 c4 16. Qc2 a5 17. b3 b4 18. axb4 axb4 19. Na4 c3 20. O-O Ra8
21. Nh1 Bxa4 22. Rxa4 Rxa4 23. bxa4 Qb6+ 24. Nf2 Nfd7 25. Bb5 Nc5 26. Kh1 Qa5 27. Rb1 b3 28. Rxb3 Nxb3 29. Qxb3 Rc8 30. Qc2 Qb4
31. Be7 Qb2
0-1

[Event "The Classical Kings Indian"]
[Site "SchemingMind.com"]
[Date "2007.06.24"]
[Round "-"]
[White "riverriver"]
[Black "Danzino"]
[Result "1/2-1/2"]
[WhiteCountry "USA"]
[BlackCountry "GBR"]
[WhiteElo "1931"]
[WhiteRD "65"]
[BlackElo "2100"]
[BlackRD "79"]
[GameID "110499"]

1. d4 Nf6 2. c4 g6 3. Nc3 Bg7 4. e4 d6 5. f4 O-O 6. Nf3 c5 7. e5 Nfd7 8. Be2 cxd4 9. Qxd4 Nc6 10. Qf2 dxe5
11. fxe5 Ndxe5 12. Qh4 Nxf3+ 13. Bxf3 Qd3 14. Nd5 Nd4 15. Nxe7+ Kh8 16. Bd1 Qxc4 17. Kf2 Re8 18. Bg5 Qc5 19. Rc1 Qb6 20. Kf1 Nf5
21. Qa4 Rxe7 22. Bxe7 Ne3+ 23. Kg1 Nxd1+ 24. Bc5 Qc6 25. Qxc6 bxc6 26. Rxd1 Bg4 27. Rd2 h5 28. Kf2 a5 29. h3 Be6 30. b3 a4
31. b4 a3 32. Rhd1 Bb2 33. Bd4+ Bxd4+ 34. Rxd4 Kg7 35. R1d2 Rb8 36. Re2 Kf6 37. Kg3 Rb5 38. Rc2 Bd5 39. Re2 Rb6 40. Rf4+ Kg7
41. Rd4 Kf6 42. Rf4+ Kg7 43. Re3 Bxa2 44. Rxa3 Bd5 45. Ra1 Rb5 46. Ra7 Be6 47. Rc7 Bd5 48. h4 Rb6 49. Ra7=
1/2-1/2

[Event "The Classical Kings Indian"]
[Site "SchemingMind.com"]
[Date "2007.06.22"]
[Round "-"]
[White "riverriver"]
[Black "Wolli"]
[Result "0-1"]
[WhiteCountry "USA"]
[BlackCountry "GER"]
[WhiteElo "1931"]
[WhiteRD "65"]
[BlackElo "1872"]
[BlackRD "76"]
[GameID "110500"]

1. d4 Nf6 2. c4 g6 3. Nc3 Bg7 4. e4 d6 5. f4 O-O 6. Nf3 c5 7. e5 Nfd7 8. Be2 cxd4 9. Qxd4 dxe5 10. fxe5 Nxe5
11. Qe4 Nxf3+ 12. Qxf3 Nc6 13. O-O Qb6+ 14. Kh1 Nd4 15. Qe3 Nf5 16. Qxb6 axb6 17. Nd5 Nd4 18. Nxe7+ Kh8 19. Nxc8 Rfxc8 20. Bd1 f5
21. Re1 Rxc4 22. Re7 Nc2 23. Bxc2 Rxc2 24. Rb1 Rd8 25. Bg5 Rxb2 26. Ree1 Rxb1 27. Rxb1 Rd6 28. Be3 b5 29. g3 Rd5 30. Kg2 Bf8
31. Rc1 Rd3 32. Bf4 Ra3 33. Rc2 b4 34. Bc1 b3 35. axb3 Rxb3 36. Bf4 Kg8 37. Rc8 Kf7 38. Rc7+ Kg8 39. Rc8 Kf7 40. Rc7+ Ke6
41. Rxh7 b5 42. Ra7 Bc5 43. Ra6+ Kf7 44. h4 Rb2+ 45. Kf1 b4 46. Rc6 Bd4 47. Rc7+ Ke6 48. Ke1 Kd5 49. Rd7+ Kc4 50. Rd6 b3
51. Kd1 Rb1+ 52. Ke2 b2 53. Rc6+ Kd5 54. Rd6+ Kc5 55. Kd3 Rd1+
0-1

[Event "The Classical Kings Indian"]
[Site "SchemingMind.com"]
[Date "2007.06.25"]
[Round "-"]
[White "Danzino"]
[Black "riverriver"]
[Result "1-0"]
[WhiteCountry "GBR"]
[BlackCountry "USA"]
[WhiteElo "2100"]
[WhiteRD "79"]
[BlackElo "1931"]
[BlackRD "65"]
[GameID "110501"]

1. d4 Nf6 2. c4 g6 3. Nc3 Bg7 4. e4 d6 5. Nf3 O-O 6. Be2 e5 7. O-O Nc6 8. d5 Ne7 9. b4 Nh5 10. Re1 a5
11. bxa5 Rxa5 12. a4 Bd7 13. Ra3 Nf4 14. Bf1 b6 15. Nb5 Bg4 16. h3 Bd7 17. Bd2 Ra6 18. Bb4 f5 19. Nd2 fxe4 20. Nxe4 Qc8
21. Qb3 Qb7 22. Nbxd6 cxd6 23. Bxd6 Bc8 24. c5 Ra5 25. c6 Qa7 26. Bxe7 Qxe7 27. d6+ Qf7 28. d7 Qxb3 29. Rxb3 Rxa4 30. Nd6 Bxd7
31. cxd7 Rd8 32. Rxb6 Rd4 33. Bb5 Nd5 34. Rc6 Bf6 35. Nb7 Rf8 36. Bc4 Kg7 37. Rd6 Rxc4 38. Rxd5 Rd4 39. Rxd4 exd4 40. Re8 d3
41. Kf1 h5 42. Rxf8 Kxf8 43. d8=Q+ Bxd8 44. Nxd8 Ke8 45. Ne6 Ke7 46. Nf4 Kf6 47. Nxd3 Kf5 48. Ke2 Ke4 49. f3+ Kf5 50. Ke3 h4
51. Kd4 g5 52. Kd5 Kf6 53. Ke4 Ke6 54. f4 gxf4 55. Kxf4 Kd5 56. Kg4 Kd4 57. Nf4 Ke4 58. Ng6 Ke3 59. Nxh4 Kf2 60. g3 Kg1
61. Nf5
1-0

[Event "The Classical Kings Indian"]
[Site "SchemingMind.com"]
[Date "2007.06.23"]
[Round "-"]
[White "Wolli"]
[Black "riverriver"]
[Result "0-1"]
[WhiteCountry "GER"]
[BlackCountry "USA"]
[WhiteElo "1827"]
[WhiteRD "73"]
[BlackElo "2036"]
[BlackRD "82"]
[GameID "110502"]

1. d4 Nf6 2. c4 g6 3. Nc3 Bg7 4. e4 d6 5. f3 O-O 6. Be3 Nc6 7. Nge2 a6 8. a3 Bd7 9. b4 e5 10. d5 Ne7
11. g4 a5 12. b5 Ne8 13. Bg2 f5 14. gxf5 gxf5 15. Bg5 fxe4 16. fxe4 Bg4 17. h3 Bh5 18. Qd2 Bxe2 19. Qxe2 Bf6 20. Bh6 Bh4+
21. Kd1 Rf6 22. Qh5 Ng6 23. Kc1 c6 24. dxc6 bxc6 25. bxc6 Rc8 26. Nd5 Rf2 27. Bf1 Nf6 28. Nxf6+ Qxf6 29. Qd1 Bg5+ 30. Bxg5 Qxg5+
31. Kb1 Rb8+ 32. Qb3 Rxb3#
0-1

[Event "The Classical Kings Indian"]
[Site "SchemingMind.com"]
[Date "2007.06.26"]
[Round "-"]
[White "faulty"]
[Black "riverriver"]
[Result "0-1"]
[WhiteCountry "USA"]
[BlackCountry "USA"]
[WhiteElo "1879"]
[WhiteRD "80"]
[BlackElo "2025"]
[BlackRD "82"]
[GameID "110728"]

1. d4 Nf6 2. c4 g6 3. Nc3 Bg7 4. e4 d6 5. Nf3 O-O 6. Be2 e5 7. O-O Nc6 8. d5 Ne7 9. Bd2 c6 10. Rb1 Bd7
11. b4 cxd5 12. cxd5 Rc8 13. a4 Rc7 14. Qb3 Qb8 15. Rfc1 Rfc8 16. Bd3 Bg4 17. Ne1 a6 18. Be3 b5 19. a5 Bd7 20. h3 Nh5
21. Kh2 f5 22. Bb6 Rb7 23. f3 Bh6 24. Rc2 Bf4+ 25. Kg1 Rxb6 26. axb6 Qxb6+ 27. Kh1 Ng3+ 28. Kh2 Ne2+
0-1

[Event "The Classical Kings Indian"]
[Site "SchemingMind.com"]
[Date "2007.06.25"]
[Round "-"]
[White "faulty"]
[Black "Danzino"]
[Result "0-1"]
[WhiteCountry "USA"]
[BlackCountry "GBR"]
[WhiteElo "1848"]
[WhiteRD "74"]
[BlackElo "1985"]
[BlackRD "87"]
[GameID "110729"]

1. d4 Nf6 2. c4 g6 3. Nc3 Bg7 4. e4 d6 5. Nf3 O-O 6. Be2 e5 7. O-O Nc6 8. d5 Ne7 9. Qc2 Nd7 10. Nd2 f5
11. f3 f4 12. b4 a5 13. bxa5 Rxa5 14. Nb3 Ra8 15. a4 g5 16. Bb2 Ng6 17. Nb5 Rf7 18. c5 Nxc5 19. Nxc5 dxc5 20. Qxc5 Bf8
21. Qc4 h5 22. Rfc1 Bd6 23. Ba3 g4 24. Nxd6 cxd6 25. Qb4 Rf6 26. Rc3 Nh4 27. Rac1 gxf3 28. Bxf3 Nxf3+ 29. Rxf3 Bg4 30. Rfc3 f3
31. gxf3 Rxf3 32. Qxb7 Rf7 33. Rc7 Qg5 34. Qxa8+ Rf8 35. Qxf8+ Kxf8 36. Bxd6+ Kg8 37. R1c2 Bh3+ 38. Kh1 Qf6
0-1

[Event "The Classical Kings Indian"]
[Site "SchemingMind.com"]
[Date "2007.06.25"]
[Round "-"]
[White "faulty"]
[Black "Wolli"]
[Result "1-0"]
[WhiteCountry "USA"]
[BlackCountry "GER"]
[WhiteElo "1848"]
[WhiteRD "74"]
[BlackElo "1852"]
[BlackRD "71"]
[GameID "110730"]

1. d4 Nf6 2. c4 g6 3. Nc3 Bg7 4. e4 d6 5. Nf3 O-O 6. Be2 e5 7. O-O Nc6 8. h3 Re8 9. d5 Nd4 10. Be3 Nxe2+
11. Qxe2 c5 12. Qd2 Qb6 13. Qc1 Bd7 14. Rb1 Qb4 15. Nd2 a6 16. a3 Qa5 17. b4 cxb4 18. axb4 Qc7 19. Re1 b5 20. c5 dxc5
21. bxc5 Bf8 22. c6 Bc8 23. f3 Nh5 24. Ne2 f5 25. Bc5 Ng7 26. Bxf8 Rxf8 27. Qc5 Ne8 28. Nc3 Nd6 29. Qe3 f4 30. Qc5 Nb7
31. Qf2 Nd6 32. Ra1 g5 33. Reb1 Qb8 34. Qc5 Rf7 35. Nxb5 Nxb5 36. d6 Qxd6 37. Rxb5 Qxd2 38. Qxe5 Bxh3 39. Rb2 Qe3+ 40. Kh2 Bf5
41. Ra5 Bxe4 42. c7 Bb7 43. Qxg5+ Rg7 44. Qd8+ Kf7 45. Rf5+
1-0

[Event "The Classical Kings Indian"]
[Site "SchemingMind.com"]
[Date "2007.06.26"]
[Round "-"]
[White "riverriver"]
[Black "faulty"]
[Result "1-0"]
[WhiteCountry "USA"]
[BlackCountry "USA"]
[WhiteElo "2025"]
[WhiteRD "82"]
[BlackElo "1879"]
[BlackRD "80"]
[GameID "110731"]

1. d4 Nf6 2. c4 g6 3. Nc3 Bg7 4. e4 d6 5. f3 O-O 6. Be3 c6 7. Bd3 e5 8. d5 c5 9. b3 Na6 10. a3 Nc7
11. Nge2 a6 12. h3 Bd7 13. O-O b5 14. b4 cxb4 15. axb4 bxc4 16. Bxc4 Qb8 17. Qb3 Nb5 18. Na4 Qb7 19. Nb6 Rab8 20. Qa4 Nd4
21. Nxd7 Nxd7 22. Bxa6 Qb6 23. Nxd4 exd4 24. Bf2 Ne5 25. f4
1-0

[Event "The Classical Kings Indian"]
[Site "SchemingMind.com"]
[Date "2007.06.26"]
[Round "-"]
[White "Danzino"]
[Black "faulty"]
[Result "1-0"]
[WhiteCountry "GBR"]
[BlackCountry "USA"]
[WhiteElo "1998"]
[WhiteRD "85"]
[BlackElo "1839"]
[BlackRD "79"]
[GameID "110732"]

1. d4 Nf6 2. c4 g6 3. Nc3 Bg7 4. e4 d6 5. f3 O-O 6. Be3 c6 7. Bd3 Nbd7 8. Nge2 e5 9. d5 c5 10. Qd2 Re8
11. O-O-O a6 12. g4 h5 13. gxh5 Nxh5 14. Ng3 Ndf6 15. Rdg1 b5 16. Nce2 bxc4 17. Bxc4 Bh3 18. b3 Qd7 19. a4 Reb8 20. Kc2 Kh7
21. Nxh5 Nxh5 22. Ng3 Nf6 23. Qd3 Qb7 24. Ne2 Bd7 25. Qc3 Qb4 26. Qxb4 Rxb4 27. Bd2 Rbb8 28. Ba5 Ra7 29. Rb1 Bf8 30. Rb2 Be7
31. Rhb1 Ne8 32. Nc3 Bd8 33. Bxd8 Rxd8 34. b4 cxb4 35. Rxb4 Rda8 36. Kd3 Kg7 37. Rb8 Bc8 38. Rxa8 Rxa8 39. a5 Nc7 40. Rb6 Ne8
41. Na2 Kf8 42. Nb4
1-0

[Event "The Classical Kings Indian"]
[Site "SchemingMind.com"]
[Date "2007.06.26"]
[Round "-"]
[White "Wolli"]
[Black "faulty"]
[Result "1-0"]
[WhiteCountry "GER"]
[BlackCountry "USA"]
[WhiteElo "1852"]
[WhiteRD "71"]
[BlackElo "1848"]
[BlackRD "74"]
[GameID "110733"]

1. d4 Nf6 2. c4 g6 3. Nc3 Bg7 4. e4 d6 5. f3 c6 6. Bd3 Na6 7. Nge2 Nc7 8. Be3 O-O 9. O-O e5 10. d5 c5
11. Qd2 Bd7 12. Ng3 a6 13. a4 a5 14. Bg5 Qe8 15. b3 h5 16. Nb5 Bxb5 17. cxb5 b6 18. Rac1 Nd7 19. f4 f6 20. fxe5 Nxe5
21. Bf4 Qe7 22. Be2 Kh7 23. Nh1 Ne8 24. Nf2 Rh8 25. Nh3 Kg8 26. Be3 Nc7 27. Nf4 Bh6 28. Kh1 Kg7 29. Nd3= Bxe3 30. Qxe3 Nxd3
31. Qxd3 Qe5 32. Qf3 Rhe8 33. Bd3 Re7 34. Rc2 Rf8 35. Rcf2= Ne8 36. Qe2= Qd4 37. Qc2 Re5 38. Rf4 Rf7 39. Qd1= Rg5 40. R4f3 Re7
41. Qc2 Kh8 42. Rf4 Rg7 43. e5 Qxe5 44. Re4
1-0

[Event "The Classical Kings Indian"]
[Site "SchemingMind.com"]
[Date "2007.06.26"]
[Round "-"]
[White "Coloplast"]
[Black "faulty"]
[Result "0-1"]
[WhiteCountry "SWE"]
[BlackCountry "USA"]
[WhiteElo "1881"]
[WhiteRD "72"]
[BlackElo "1909"]
[BlackRD "81"]
[GameID "110736"]

1. d4 Nf6 2. c4 g6 3. Nc3 Bg7 4. e4 d6 5. Nf3 O-O 6. h3 e5 7. dxe5 dxe5 8. Bg5 Qxd1+ 9. Rxd1 Nbd7 10. Bd3 c6
11. Bc2 Re8 12. O-O Nb6 13. b3 h6 14. Be3 Kh7 15. a4 Bf8
0-1

[Event "The Classical Kings Indian"]
[Site "SchemingMind.com"]
[Date "2007.06.26"]
[Round "-"]
[White "Coloplast"]
[Black "riverriver"]
[Result "0-1"]
[WhiteCountry "SWE"]
[BlackCountry "USA"]
[WhiteElo "1810"]
[WhiteRD "71"]
[BlackElo "2025"]
[BlackRD "82"]
[GameID "110737"]

1. d4 Nf6 2. c4 g6 3. Nc3 Bg7 4. e4 d6 5. Nf3 O-O 6. Be3 e5 7. dxe5 dxe5 8. Nxe5 Nxe4 9. Nxe4 Qxd1+ 10. Rxd1 Bxe5
11. b3 Nc6 12. Bd3 f5 13. Nd2 Rd8 14. Nf3 f4 15. Bc1 Bc3+ 16. Bd2 Rxd3
0-1

[Event "The Classical Kings Indian"]
[Site "SchemingMind.com"]
[Date "2007.06.25"]
[Round "-"]
[White "Coloplast"]
[Black "Wolli"]
[Result "0-1"]
[WhiteCountry "SWE"]
[BlackCountry "GER"]
[WhiteElo "1810"]
[WhiteRD "71"]
[BlackElo "1906"]
[BlackRD "74"]
[GameID "110739"]

1. d4 Nf6 2. c4 g6 3. Nc3 Bg7 4. e4 d6 5. Nf3 O-O 6. Bf4 Bg4 7. Be2 Nbd7 8. h3 Bxf3 9. gxf3 e5 10. dxe5 Nxe5
11. Bxe5 dxe5 12. Qb3 Rb8 13. Rd1 Qe7 14. Nd5 Nxd5
0-1

[Event "The Classical Kings Indian"]
[Site "SchemingMind.com"]
[Date "2007.06.26"]
[Round "-"]
[White "faulty"]
[Black "Coloplast"]
[Result "1-0"]
[WhiteCountry "USA"]
[BlackCountry "SWE"]
[WhiteElo "1919"]
[WhiteRD "80"]
[BlackElo "1769"]
[BlackRD "73"]
[GameID "110740"]

1. d4 Nf6 2. c4 g6 3. Nc3 Bg7 4. e4 d6 5. Nf3 Bg4 6. Be2 Nbd7 7. h3 Bxf3 8. Bxf3 e5 9. d5 O-O 10. O-O Nb6
11. Qe2 Nfd7 12. Rb1 f5 13. Bd2 Nf6 14. b3 fxe4 15. Nxe4 Nxe4 16. Qxe4 Nd7 17. Qc2 b6 18. b4 Qh4 19. Bg4 Qe7 20. Be6+ Kh8
21. Qa4 Nf6 22. Qc2 Nh5 23. g3 Bf6 24. Bh6 Bg7 25. Be3 Bf6 26. Qd2 Ng7 27. Bg4 a5 28. b5 Nf5 29. Rfe1 Nxe3 30. Qxe3 Bg5
31. Qd3 Qf6 32. Re2 h5 33. Be6 Kg7 34. h4 Bh6 35. Kg2 Rae8 36. Rb3 g5 37. Qe4 gxh4 38. Qxh4 Qxh4 39. gxh4 Rf4 40. Rc2
1-0

[Event "The Classical Kings Indian"]
[Site "SchemingMind.com"]
[Date "2007.06.26"]
[Round "-"]
[White "riverriver"]
[Black "Coloplast"]
[Result "1-0"]
[WhiteCountry "USA"]
[BlackCountry "SWE"]
[WhiteElo "2025"]
[WhiteRD "82"]
[BlackElo "1810"]
[BlackRD "71"]
[GameID "110741"]

1. d4 Nf6 2. c4 g6 3. Nc3 Bg7 4. e4 d6 5. f3 Nbd7 6. Be3 e5 7. Nge2 O-O 8. Qd2 exd4 9. Nxd4 Nb6 10. O-O-O Be6
11. b3 Nfd7 12. Kb1 Qe7 13. g4 f5 14. gxf5 gxf5 15. Bh3
1-0

[Event "The Classical Kings Indian"]
[Site "SchemingMind.com"]
[Date "2007.06.25"]
[Round "-"]
[White "Danzino"]
[Black "Coloplast"]
[Result "1-0"]
[WhiteCountry "GBR"]
[BlackCountry "SWE"]
[WhiteElo "1979"]
[WhiteRD "86"]
[BlackElo "1810"]
[BlackRD "71"]
[GameID "110742"]

1. d4 Nf6 2. c4 g6 3. Nc3 Bg7 4. e4 d6 5. Nf3 Bg4 6. Be2 Nbd7 7. O-O O-O 8. Be3 Bxf3 9. Bxf3 e5 10. d5 Nb6
11. Be2
1-0

[Event "The Classical Kings Indian"]
[Site "SchemingMind.com"]
[Date "2007.06.25"]
[Round "-"]
[White "Wolli"]
[Black "Coloplast"]
[Result "1-0"]
[WhiteCountry "GER"]
[BlackCountry "SWE"]
[WhiteElo "1906"]
[WhiteRD "74"]
[BlackElo "1810"]
[BlackRD "71"]
[GameID "110743"]

1. d4 Nf6 2. c4 g6 3. Nc3 Bg7 4. e4 d6 5. f3 Nbd7 6. Be3 e5 7. Nge2 O-O 8. Qd2 Nb6 9. b3 exd4 10. Nxd4 Be6
11. Be2 Nfd7 12. O-O Qe7 13. Ncb5 Rfc8 14. Bh6 a6 15. Nc3 c5 16. Nxe6
1-0

[Event "The Classical Kings Indian"]
[Site "SchemingMind.com"]
[Date "2007.06.26"]
[Round "-"]
[White "hasan300"]
[Black "faulty"]
[Result "1-0"]
[WhiteCountry "BIH"]
[BlackCountry "USA"]
[WhiteElo "2211"]
[WhiteRD "86"]
[BlackElo "1879"]
[BlackRD "80"]
[GameID "110838"]

1. d4 Nf6 2. c4 g6 3. Nc3 Bg7 4. e4 d6 5. Nf3 O-O 6. Be2 e5 7. O-O Nc6 8. d5 Ne7 9. Nd2 c5 10. Rb1 Ne8
11. b4 b6 12. a4 f5 13. a5 Nf6 14. Qb3 Bh6 15. Re1 Kg7 16. Qa3 Bd7 17. Ra1 Rb8 18. b5 Qc8 19. Bd3 Bxd2 20. Bxd2 f4
21. Ra2 Ne8 22. Rea1 h6 23. axb6 axb6 24. f3 Nc7 25. Qa7 Rb7 26. Qa4 Qe8 27. Qd1 Qf7 28. Ra7 Rfb8 29. Be1 Nc8 30. R7a4 Qf6
31. Bf2 Qf7 32. Be2 Qf6 33. Qe1 Qf7 34. Nd1 Qf6 35. Nb2 Qf7 36. Nd3 Qf6 37. Qc3 Kh7 38. Be1 Qg7 39. Qb2 Qe7 40. Bc3 Be8
41. Nxe5 dxe5 42. Bxe5 g5 43. h4 Kg6 44. Bd3 Kh5 45. Bf6 Qh7 46. hxg5
1-0

[Event "The Classical Kings Indian"]
[Site "SchemingMind.com"]
[Date "2007.06.28"]
[Round "-"]
[White "hasan300"]
[Black "riverriver"]
[Result "1-0"]
[WhiteCountry "BIH"]
[BlackCountry "USA"]
[WhiteElo "2223"]
[WhiteRD "86"]
[BlackElo "2017"]
[BlackRD "84"]
[GameID "110839"]

1. d4 Nf6 2. c4 g6 3. Nc3 Bg7 4. e4 d6 5. f4 O-O 6. Nf3 c5 7. d5 e6 8. Be2 exd5 9. cxd5 Re8 10. e5 dxe5
11. fxe5 Ng4 12. Bg5 Qb6 13. O-O Nxe5 14. Nxe5 Bxe5 15. Bc4 Qxb2 16. d6 Rf8 17. Bxf7+ Rxf7 18. Qd5 Bd4+ 19. Kh1 Bf5 20. Rab1 Qxc3
21. Rxb7 Nd7 22. Rxd7 Rf8 23. Rxf7 Rxf7 24. d7 Kg7 25. d8=Q Be6 26. Qb7 Qc4 27. Rxf7+ Bxf7 28. Bh6+ Kxh6 29. Qf8+ Bg7 30. Qbxf7 Qc1+
31. Qf1 Bxf8 32. Qxc1+ Kg7 33. Qa3 Be7 34. Qxa7 Kf6 35. Qd7 h5 36. a4 c4 37. Qd4+ Ke6 38. Qxc4+ Kf6 39. a5 Bd6 40. a6 Be5
41. a7
1-0

[Event "The Classical Kings Indian"]
[Site "SchemingMind.com"]
[Date "2007.07.01"]
[Round "-"]
[White "hasan300"]
[Black "Danzino"]
[Result "1-0"]
[WhiteCountry "BIH"]
[BlackCountry "GBR"]
[WhiteElo "2211"]
[WhiteRD "86"]
[BlackElo "1979"]
[BlackRD "86"]
[GameID "110840"]

1. d4 Nf6 2. c4 g6 3. Nc3 Bg7 4. e4 d6 5. Nf3 O-O 6. Be2 e5 7. Be3 Ng4 8. Bg5 f6 9. Bc1 Nc6 10. d5 Ne7
11. O-O f5 12. Ne1 Nf6 13. f3 c6 14. Be3 Kh8 15. b4 b5 16. cxb5 cxd5 17. Nxd5
1-0

[Event "The Classical Kings Indian"]
[Site "SchemingMind.com"]
[Date "2007.06.26"]
[Round "-"]
[White "hasan300"]
[Black "Coloplast"]
[Result "1-0"]
[WhiteCountry "BIH"]
[BlackCountry "SWE"]
[WhiteElo "2176"]
[WhiteRD "83"]
[BlackElo "1928"]
[BlackRD "70"]
[GameID "110841"]

1. d4 Nf6 2. c4 g6 3. Nc3 Bg7 4. e4 d6 5. Nf3 Bg4 6. Be3 Nbd7 7. h3 Bxf3 8. Qxf3 e5 9. O-O-O O-O 10. d5 Nb6
11. Kb1 Nfd7 12. g4 a6 13. h4 Qf6 14. Qh3 Nc5 15. Bg5 Qxf2 16. Rh2
1-0

[Event "The Classical Kings Indian"]
[Site "SchemingMind.com"]
[Date "2007.06.27"]
[Round "-"]
[White "hasan300"]
[Black "Wolli"]
[Result "1/2-1/2"]
[WhiteCountry "BIH"]
[BlackCountry "GER"]
[WhiteElo "2223"]
[WhiteRD "86"]
[BlackElo "1900"]
[BlackRD "76"]
[GameID "110842"]

1. d4 Nf6 2. c4 g6 3. Nc3 Bg7 4. e4 d6 5. f4 O-O 6. Nf3 c5 7. d5 e6 8. Be2 exd5 9. e5 Ne4 10. cxd5 Nxc3
11. bxc3 Nd7 12. O-O dxe5 13. fxe5 Nxe5 14. Qb3=
1/2-1/2

[Event "The Classical Kings Indian"]
[Site "SchemingMind.com"]
[Date "2007.06.26"]
[Round "-"]
[White "faulty"]
[Black "hasan300"]
[Result "0-1"]
[WhiteCountry "USA"]
[BlackCountry "BIH"]
[WhiteElo "1879"]
[WhiteRD "80"]
[BlackElo "2211"]
[BlackRD "86"]
[GameID "110843"]

1. d4 Nf6 2. c4 g6 3. Nc3 Bg7 4. e4 d6 5. Nf3 O-O 6. Be2 e5 7. O-O Nbd7 8. Bg5 h6 9. Bh4 g5 10. Bg3 Nh5
11. dxe5 Nxg3 12. hxg3 dxe5 13. Nd5 Nc5 14. Nd2 f5 15. exf5 Bxf5 16. Nb3 Na4 17. Na5 Nxb2 18. Nxb7 Qd7 19. Qb3 e4 20. Na5 Rab8
21. Qa3 Nd3 22. Rad1 Kh8 23. Bxd3 exd3 24. Nb3 c6 25. Ne3 Bg6 26. Qc5 Bc3 27. Rc1 Bb4 28. Qe5+ Qg7 29. Qxg7+ Kxg7 30. Rfd1 Rfd8
31. Nf1 a5 32. c5 a4 33. Nbd2 Rb5 34. a3 Bxc5 35. Rc4 Ra8 36. Ra1 Re8 37. Rxa4 Re2
0-1

[Event "The Classical Kings Indian"]
[Site "SchemingMind.com"]
[Date "2007.06.28"]
[Round "-"]
[White "riverriver"]
[Black "hasan300"]
[Result "0-1"]
[WhiteCountry "USA"]
[BlackCountry "BIH"]
[WhiteElo "2017"]
[WhiteRD "84"]
[BlackElo "2223"]
[BlackRD "86"]
[GameID "110844"]

1. d4 Nf6 2. c4 g6 3. Nc3 Bg7 4. e4 d6 5. f3 O-O 6. Be3 Nc6 7. Nge2 a6 8. h4 h5 9. Nc1 Bd7 10. Be2 e5
11. d5 Nd4 12. Bxd4 exd4 13. Qxd4 Ng4 14. Qd3 Ne5 15. Qe3 Rb8 16. Nb3 b5 17. cxb5 axb5 18. Nd4 Nc4 19. Bxc4 bxc4 20. O-O-O Kh7
21. Kb1 Qc8 22. g3 Rb6 23. Qe2 Qa6 24. Rh2 Rfb8 25. Qe3 Qa3 26. Rdd2 Qc5 27. Ka1 Rxb2 28. Rxb2 Bxd4 29. Rxb8 Bxe3 30. Rc2 Qd4
31. Kb1 Bd2 32. Ne2 Qd3 33. Nc1 Bxc1 34. Kxc1 Ba4 35. Rh2 c3
0-1

[Event "The Classical Kings Indian"]
[Site "SchemingMind.com"]
[Date "2007.07.01"]
[Round "-"]
[White "Danzino"]
[Black "hasan300"]
[Result "1/2-1/2"]
[WhiteCountry "GBR"]
[BlackCountry "BIH"]
[WhiteElo "1985"]
[WhiteRD "87"]
[BlackElo "2211"]
[BlackRD "90"]
[GameID "110845"]

1. d4 Nf6 2. c4 g6 3. Nc3 Bg7 4. e4 d6 5. Nf3 O-O 6. Be2 e5 7. O-O Nc6 8. d5 Ne7 9. Ne1 Nd7 10. Nd3 f5
11. Bd2 fxe4 12. Nxe4 Nf6 13. Bf3 Nf5 14. Nxf6+ Qxf6 15. Be4 Bd7 16. Qb3 b6 17. Rae1 Qh4 18. Qd1 Nd4 19. f3 Rf7 20. b4 Bh6
21. Bxh6 Qxh6 22. c5 Bb5 23. a4 Bc4 24. Rf2 Bb3 25. Qc1 Qxc1 26. Rxc1 Bxa4 27. cxd6 cxd6 28. f4 Raf8 29. Ra1 Bb5=
1/2-1/2

[Event "The Classical Kings Indian"]
[Site "SchemingMind.com"]
[Date "2007.06.27"]
[Round "-"]
[White "Coloplast"]
[Black "hasan300"]
[Result "0-1"]
[WhiteCountry "SWE"]
[BlackCountry "BIH"]
[WhiteElo "1810"]
[WhiteRD "71"]
[BlackElo "2211"]
[BlackRD "86"]
[GameID "110846"]

1. d4 Nf6 2. c4 g6 3. Nc3 Bg7 4. e4 d6 5. f3 O-O 6. Nge2 Nbd7 7. Bg5 c5 8. d5 Ne5 9. Ng3 h6 10. Be3 Qb6
11. Qb3 Nfd7 12. f4 Ng4 13. Kd2 Nxe3 14. Kxe3 Qd8 15. Bd3 e5 16. f5 Qg5+ 17. Kf2 Nf6
0-1

[Event "The Classical Kings Indian"]
[Site "SchemingMind.com"]
[Date "2007.06.27"]
[Round "-"]
[White "Wolli"]
[Black "hasan300"]
[Result "0-1"]
[WhiteCountry "GER"]
[BlackCountry "BIH"]
[WhiteElo "1900"]
[WhiteRD "76"]
[BlackElo "2223"]
[BlackRD "86"]
[GameID "110847"]

1. d4 Nf6 2. c4 g6 3. Nc3 Bg7 4. e4 d6 5. f3 O-O 6. Be3 Nc6 7. Nge2 a6 8. a3 Bd7 9. b4 e5 10. d5 Ne7
11. g4 Ne8 12. Nc1 f5 13. Nb3 fxg4 14. fxg4 Nf6 15. g5 Nh5 16. c5 Nf4 17. Bxf4 exf4 18. Qf3 Bg4 19. Qd3 Nf5 20. exf5 Re8+
21. Kd2 Re3 22. Qc4 Bxc3+
0-1